Random Cities on the Map by Letter - K - Statistics

General Stats
  • This quiz has been taken 961 times
  • The average score is 4 of 5
Answers on the Map
Answers color-coded by a green-red scale on the quiz's map according to % correct below.
 
Answer Stats
City % Correct
Kiev
98%
Kabul
96%
Kingston
96%
Karachi
94%
Kansas City
92%
Kuala Lumpur
92%
Kuwait City
92%
Khartoum
90%
Kinshasa
90%
Kathmandu
88%
Kigali
82%
Kolkata
81%
Kampala
80%
Kano
65%
Katowice
51%
Kunming
49%
Kumasi
38%
No matching quizzes found
Score Distribution
Percent of People with Each Score
Percentile by Number Answered
Your Score History
You have not taken this quiz